000 06025namaa22004211i 4500
003 OSt
005 20260328133857.0
008 250827s2025 ua a|||frm||| 000 0 eng d
040 _aEG-GICUC
_bara
_cEG-GICUC
_dEG-GICUC
_erda
041 0 _aara
_bara
_beng
049 _aإيداع
082 0 4 _a658.72
092 _a658.72
_221
097 _aمــــاجستير
099 _aCai01.15.03.M.Sc.2025.نو.ع
100 0 _a،نورهــان محمد عبدالنبي عمر
_eإعداد.
245 1 2 _aالعلاقة بين مخاوف فوات الفرص الشرائية عبر الإنستجرام والسلوك الاندفاعي للمستهلك المصري /
_cإعداد نورهــان محمد عبدالنبي عمر؛ إشراف أ.م. د. إيمان أسامة، أ.م. د. حياة بدر.
246 1 5 _aThe relationship between fear of missing out on instagram and impulsive buying behavior of the egyptian consumer /
264 0 _c2025.
300 _a293 ورقة :
_bإيضاحيات ؛
_c30 سم. +
_eCD.
336 _atext
_2rda content
337 _aUnmediated
_2rdamedia
338 _avolume
_2rdacarrier
502 _aأطروحة (ماجستير)-جامعة القاهرة، 2025.
504 _aببليوجرافيا: صفحات 235-271.
520 _aهدفت الدراسة إلى التعرف على العلاقة بين الأساليب التسويقية المستخدمة لإثارة مشاعر الخوف من فوات الفرص الشرائية (Fear of Missing Out (FOMO) on purchase decision) عبر الإنستجرام، وبين سلوك الشراء الاندفاعي للمستهلك المصري للمنتجات والعلامات التجارية المختلفة في ضوء مجموعة من العوامل، ومنها: الكلمة المنطوقة إلكترونيًّا، وكثافة استخدام الانستجرام، وتقليد سلوك المؤثرين، وندرة المنتج. وذلك بالاعتماد على منهج المسح بشقيه الكمي والكيفي، في إطار المنهج الكمي قامت الباحثة بتطبيق استقصاء إلكتروني على 600 عينة من مستخدمي منصة الإنستجرام الذين لا تقل أعمارهم عن 18 عامًا، كما أجرت الباحثة في إطار المنهج الكيفي أولاً: مجموعات مناقشة مركزة مع عينة قوامها (30) مفردة من مستخدمي منصة الإنستجرام الذين قاموا بعملية شراء مسبق عبر المنصة، وتم تقسيمهم إلى ثلاث مجموعات. ثانيًا: مقابلة متعمقة مع عينة متاحة قوامها (12) مفردة من المسوقين على منصة الإنستجرام. وقد توصلت الدراسة إلى أن هناك تأثيرًا معنويًّا للشعور بالخوف من فوات الفرص الشرائية على سلوك الشراء الاندفاعي للمستهلك المصري، كما أن التغيرات الاقتصادية وارتفاع الأسعار جعلت المستهلكين يمارسون سلوك الشراء الاندفاعي المخطط. كما اتضح من خلال الدراسة أن هناك علاقة ارتباطية ذات دلالة إحصائية بين سلوك الشرائي الاندفاعي للمستهلك المصري والشعور بالندم بعد الشراء. وفيما يتعلق بأكثر الفئات السلعية التي يُتخذ فيها قرار شرائي فوري بناء على الشعور بالخوف من فوات الفرصة، فقد جاءت منتجات الأزياء والموضة في المقدمة، وتليها منتجات مستحضرات التجميل والعناية بالبشرة.
520 _aThe study examined the relationship between marketing strategies designed to evoke Fear of Missing Out (FOMO) on purchase decisions via Instagram and impulsive buying behavior among Egyptian consumers concerning various brands and products. This was explored through several factors such as electronic word of mouth, Instagram usage intensity, imitation of influencers’ behavior, and product scarcity. The study utilized both quantitative and qualitative research methods. Within a quantitative approach, the researcher conducted an online survey distributed to a sample of 600 Instagram users aged 18 years and above. As part of the qualitative approach, the researcher conducted 1. Focus group discussions: These were conducted with a sample of 30 Instagram users who had previously made purchases through the platform. The participants were divided into three groups. 2. In-depth interviews: Conducted with a sample of 12 experts. The findings of the study revealed a significant impact of fear of missing out on Egyptian consumers' impulsive buying behavior. Furthermore, the study highlighted a significant correlation between impulsive buying behavior and regret post-purchase among Egyptian consumers. Regarding the product categories with the most immediate purchase decisions driven by fear of missing out, fashion ranked first, followed by skincare and cosmetic products
530 _aصدر أيضًا كقرص مدمج.
546 _aالنص بالعربية والملخص باللغة الإنجليزية والعربية.
650 7 _aالشراء الالكترونى
_2qrmak
653 0 _aالخوف من فوات الفرصة ( الفومو)
_aالانستجرام
_aالشراء الاندفاعي
700 0 _aإيمان أسامة
_eمشرف أطروحة.
700 0 _aحياة بدر
_eمشرف أطروحة.
900 _b27-03-2025
_cإيمان أسامة
_cحياة بدر
_dثريا أحمد البدوي
_dنرمين علاء
_Uجامعة القاهرة
_Fكلية الإعــــلام
_Dقسم العلاقات العامة والإعلان
905 _aSara
_eAfaf
942 _2ddc
_cTH
_e21
_n0
999 _c178891